Особенности ведения Книги учета лиц, доставленных в дежурную часть территориального органа МВД России на районном уровне (Запись № 13736927)

Подробности
000 -МАРКЕР
контрольное поле 02264nam0a2200361 4500
001 - ИДЕНТИФИКАТОР ЗАПИСИ
контрольное поле RU\NLR\BIBL_A\022767947
005 - ИДЕНТИФИКАТОР ВЕРСИИ
контрольное поле 20260623074659.0
010 ## - МЕЖДУНАРОДНЫЙ СТАНДАРТНЫЙ НОМЕР КНИГИ (ISBN)
Номер (ISBN) 978-5-9266-2226-0
Тираж 40
021 ## - НОМЕР ГОСУДАРСТВЕННОЙ РЕГИСТРАЦИИ
Код страны Российская Федерация
Номер КН-П-26-006808
Номер Листа государственной регистраци КН-П-26-1109
021 ## - НОМЕР ГОСУДАРСТВЕННОЙ РЕГИСТРАЦИИ
Код страны Российская Федерация
Номер КН-П-26-006808
Номер Листа государственной регистраци КН-П-26-0660
035 ## - ДРУГИЕ СИСТЕМНЫЕ НОМЕРА
Идентификатор записи (NLR Aleph) 022767947
100 ## - ДАННЫЕ ОБЩЕЙ ОБРАБОТКИ
Данные общей обработки 20260327d2025 u y0rusy50 ca
101 0# - ЯЗЫК РЕСУРСА
Язык текста, звукозаписи и т.д. русский
102 ## - СТРАНА ПУБЛИКАЦИИ ИЛИ ПРОИЗВОДСТВА
Страна публикации Российская Федерация
105 ## - ПОЛЕ КОДИРОВАННЫХ ДАННЫХ: ТЕКСТОВЫЕ МАТЕРИАЛЫ, МОНОГРАФИЧЕСКИЕ
Кодированные данные о монографическом текстовом документе a|||j|||000yy
181 #0 - ПОЛЕ КОДИРОВАННЫХ ДАННЫХ: ВИД СОДЕРЖАНИЯ
Код вида содержания (ISBD) i3
Код характеристики содержания (ISBD) axxe
182 #0 - ПОЛЕ КОДИРОВАННЫХ ДАННЫХ: ТИП СРЕДСТВА
Код типа средства (ISBD) n - непосредственное
200 1# - ЗАГЛАВИЕ И СВЕДЕНИЯ ОБ ОТВЕТСТВЕННОСТИ
Основное заглавие Особенности ведения Книги учета лиц, доставленных в дежурную часть территориального органа МВД России на районном уровне
Сведения, относящиеся к заглавию методические рекомендации
Первые сведения об ответственности А. В. Еремин, О. А. Архипова, А. А. Ефимов
Последующие сведения об ответственности Краснодарский университет МВД России
203 ## - ВИД СОДЕРЖАНИЯ И ТИП СРЕДСТВА
Вид содержания Текст
Дополнительные сведения об издании визуальный
Тип средства непосредственный
210 ## - ПУБЛИКАЦИЯ, РАСПРОСТРАНЕНИЕ И ДР.
Место издания, распространения и т.д. Краснодар
Имя издателя, распространителя и т. д. Краснодарский университет МВД России
Дата издания, распространения и т.д. 2025
215 ## - ФИЗИЧЕСКАЯ ХАРАКТЕРИСТИКА
Специфическое обозначение материала и объем 25 с.
Другие сведения о физической характеристике ил., табл.
Размеры 21
320 ## - ПРИМЕЧАНИЯ О НАЛИЧИИ В ДОКУМЕНТЕ БИБЛИОГРАФИИ / УКАЗАТЕЛЯ
Текст примечания Библиогр.: с. 20-23
606 1# - НАИМЕНОВАНИЕ ТЕМЫ КАК ПРЕДМЕТ
Наименование темы Органы внутренних дел
Формальный подзаголовок Методические пособия
Тематический подзаголовок Районные отделы
-- Организация работы
Географический подзаголовок Российская Федерация
Системный номер авторитетной/нормативной записи 2266184
Идентификатор авторитетной/нормативной записи RU\NLR\AUTH\661358483
606 1# - НАИМЕНОВАНИЕ ТЕМЫ КАК ПРЕДМЕТ
Наименование темы Органы внутренних дел
Формальный подзаголовок Методические пособия
Тематический подзаголовок Учетно-регистрационная работа
Географический подзаголовок Российская Федерация
Системный номер авторитетной/нормативной записи 2463876
Идентификатор авторитетной/нормативной записи RU\NLR\AUTH\661463831
686 1# - ИНДЕКСЫ ДРУГИХ КЛАССИФИКАЦИЙ
Индекс Х621.163.012
700 #1 - ИМЯ ЛИЦА - ПЕРВИЧНАЯ ОТВЕТСТВЕННОСТЬ
Начальный элемент ввода Еремин
Часть имени, кроме начального элемента ввода А. В.
Расширение инициалов личного имени Александр Викторович
701 #1 - ИМЯ ЛИЦА - АЛЬТЕРНАТИВНАЯ ОТВЕТСТВЕННОСТЬ
Графика поля Кириллица
Материалы, к которым относится поле rus
Начальный элемент ввода Архипова
Часть имени, кроме начального элемента ввода О. А.
Дополнения к именам, кроме дат преподаватель, право
Даты 1972-
Расширение инициалов личного имени Оксана Анатольевна
Системный номер авторитетной/нормативной записи 173595
Идентификатор авторитетной/нормативной записи RU\NLR\AUTH\770173646
701 #1 - ИМЯ ЛИЦА - АЛЬТЕРНАТИВНАЯ ОТВЕТСТВЕННОСТЬ
Графика поля Кириллица
Материалы, к которым относится поле rus
Начальный элемент ввода Ефимов
Часть имени, кроме начального элемента ввода А. А.
Дополнения к именам, кроме дат канд. пед. наук, адм. право
Расширение инициалов личного имени Александр Александрович
Системный номер авторитетной/нормативной записи 23617
Идентификатор авторитетной/нормативной записи RU\NLR\AUTH\7740666
942 ## - ДОПОЛНИТЕЛЬНЫЕ ЭЛЕМЕНТЫ ЗАПИСИ (АБИС)
Тип экземпляра АБИС Книга
980 ## - КОЛЛЕКЦИЯ
Название коллекции Национальная библиография

Нет доступных экземпляров.